000 00507nam a2200217Ia 4500
001 13551
003 GE_BSU
008 181216s||||||||xx |||||||||||||| ||und||
020 _a070200524X
040 _cGE_BSU
080 _a615
100 _aBailey,Rosemary E.
245 _aPharmacology for Nurses
260 _aLondon
260 _bBailliere Tindall
260 _c1975
300 _a383p.18cm.
653 _aPharmacology for Nurses
653 _aფარმაკოლოგია
942 _cBK
999 _c46707
_d46707